Implementing company strategy : transforming plans into reality
| Main Author: | |
|---|---|
| Format: | Book |
| Published: |
New Delhi :
Infinity Books ,
2000
|
| Subjects: |
MARC
| LEADER | 00000cam a2200000 7i4500 | ||
|---|---|---|---|
| 001 | 0000019028 | ||
| 005 | 20080612.0 | ||
| 008 | 080612 | ||
| 020 | |a 8187233141 | ||
| 090 | 0 | 0 | |a 658.4012 |b JUD |
| 100 | 1 | |a Judson, Arnold S | |
| 245 | 1 | 0 | |a Implementing company strategy : |b transforming plans into reality |c Arnold S. Judson |
| 260 | |a New Delhi : |b Infinity Books , |c 2000 | ||
| 650 | 0 | |a Strategic planning | |
| 999 | |a 0001022646 |b Book |c REFERENCE |e Perbadanan Perpustakaan Awam Johor | ||